Projekt Hodnota za peniaze - nový prístup k rozhodovaniu o používaní verejných zdrojov
Podstata a cieľ projektu Hodnota za peniaze.
Salvato in:
| Autore principale: | |
|---|---|
| Altri autori: | |
| Natura: | Capitolo di libro |
| Lingua: | slovacco |
| Soggetti: | |
| Tags: |
Nessun Tag, puoi essere il primo ad aggiungerne!!
|
MARC
| LEADER | 00000naa a2200000 4500 | ||
|---|---|---|---|
| 001 | 0235574 | ||
| 005 | 20240502073817.5 | ||
| 041 | 0 | |a slo | |
| 044 | |a SK | ||
| 245 | 1 | 0 | |a Projekt Hodnota za peniaze - nový prístup k rozhodovaniu o používaní verejných zdrojov |c Oľga Kmeťová, Magdaléna Freňáková |
| 520 | |a Podstata a cieľ projektu Hodnota za peniaze. | ||
| 610 | 2 | 0 | |a projekty |
| 610 | 2 | 0 | |a sektor verejný |
| 610 | 2 | 0 | |a financie verejné |
| 610 | 2 | 0 | |a efektívnosť ekonomická |
| 610 | 2 | 0 | |a efektívnosť spoločenská |
| 100 | 1 | |a Kmeťová, Oľga, 1959- | |
| 700 | 1 | |a Freňáková, Magdaléna, 1981- | |